| 000 | 00387nam a2200133Ia 4500 | ||
|---|---|---|---|
| 008 | 220217s9999||||xx |||||||||||||| ||und|| | ||
| 020 | _a8170365716 | ||
| 082 | _a658.56205 KAN | ||
| 100 | _aKanji, Gopal K and Asher, Mike | ||
| 245 | 0 | _a100 methods for total quality management | |
| 260 |
_aSage publications _bNew Delhi _c1996 |
||
| 300 |
_aVI, 237p. _b595 |
||
| 650 | _aMANAGEMENT | ||
| 999 |
_c186417 _d186417 |
||